LEADER 01357nam--2200409---450- 001 990001601430203316 005 20100712130828.0 010 $a88-13-25036-3 035 $a000160143 035 $aUSA01000160143 035 $a(ALEPH)000160143USA01 035 $a000160143 100 $a20040426d2004----km-y0itaa50------ba 101 $aita 102 $aIT 105 $a||||||||001yy 200 1 $a<> sopravvenienze contrattuali tra lacune normative e ricostruzione degli interpreti$fEnrico Al Mureden 210 $aPadova$cCEDAM$d2004 215 $aVII, 180 p.$d24 cm 225 2 $a<> monografie di Contratto e impresa$v79 410 0$12001$a<> monografie di Contratto e impresa$v79 454 1$12001 461 1$1001-------$12001 606 0 $aContratti$xRischio 676 $a346.450 2 700 1$aAL MUREDEN,$bEnrico$0560966 801 0$aIT$bsalbc$gISBD 912 $a990001601430203316 951 $aXXV.1. Coll. 7/ 111(COLL HNG 79)$b39651 G$cXXV.1.Coll. 7$d00093940 959 $aBK 969 $aGIU 979 $aMARIA$b10$c20040426$lUSA01$h1014 979 $aSIAVER1$b90$c20040609$lUSA01$h1038 979 $aRSIAV5$b90$c20091123$lUSA01$h0918 979 $aPATRY$b90$c20100712$lUSA01$h1308 996 $aSopravvenienze contrattuali tra lacune normative e ricostruzione degli interpreti$9945018 997 $aUNISA LEADER 02331nam 2200565 a 450 001 9910457843403321 005 20200520144314.0 010 $a0-8156-5138-4 035 $a(CKB)2550000000051367 035 $a(OCoLC)759158732 035 $a(CaPaEBR)ebrary10493596 035 $a(SSID)ssj0000537948 035 $a(PQKBManifestationID)11364945 035 $a(PQKBTitleCode)TC0000537948 035 $a(PQKBWorkID)10567432 035 $a(PQKB)11598982 035 $a(MiAaPQ)EBC3410031 035 $a(MdBmJHUP)muse3676 035 $a(Au-PeEL)EBL3410031 035 $a(CaPaEBR)ebr10493596 035 $a(CaONFJC)MIL945719 035 $a(EXLCZ)992550000000051367 100 $a20100303d2010 uy 0 101 0 $aeng 135 $aurcn||||||||| 181 $ctxt 182 $cc 183 $acr 200 00$aInside the TV writer's room$b[electronic resource] $epractical advice for succeeding in television /$fedited by Lawrence Meyers 205 $a1st ed. 210 $aSyracuse, N.Y. $cSyracuse University Press$d2010 215 $a1 online resource (213 p.) 225 1 $aTelevision and popular culture 300 $aBibliographic Level Mode of Issuance: Monograph 311 $a0-8156-3241-X 320 $aIncludes bibliographical references and index. 327 $aHow to break in; or, Why it's all so random -- How to be a TV staff writer; or, Why there is no I in team -- How to make your writing personal; or, Why you must take the "me" out of it -- How to be a better writer; or, Why that college degree matters -- How to find your voice; or, Why theme is important -- How to embrace or ignore your past; or, Why you must say yes -- How to start writing; or, Why writer's block is bunk -- How to really write a teleplay; or, Why it's about process, not product -- How to run a show; or, Why you should be careful what you wish for -- Case study : Tim Kring and Heroes. 410 0$aTelevision and popular culture. 606 $aTelevision authorship 608 $aElectronic books. 615 0$aTelevision authorship. 676 $a808/.066791 701 $aMeyers$b Lawrence$0898372 801 0$bMiAaPQ 801 1$bMiAaPQ 801 2$bMiAaPQ 906 $aBOOK 912 $a9910457843403321 996 $aInside the TV writer's room$92007220 997 $aUNINA LEADER 05566nam 22007695 450 001 9910741200003321 005 20251205155948.0 010 $a3-031-29199-9 024 7 $a10.1007/978-3-031-29199-9 035 $a(MiAaPQ)EBC30684894 035 $a(Au-PeEL)EBL30684894 035 $a(DE-He213)978-3-031-29199-9 035 $a(OCoLC) 1394914261 035 $a(PPN)272261424 035 $a(CKB)27973042900041 035 $a(OCoLC)1394914261 035 $a(EXLCZ)9927973042900041 100 $a20230811d2023 u| 0 101 0 $aeng 135 $aurcnu|||||||| 181 $ctxt$2rdacontent 182 $cc$2rdamedia 183 $acr$2rdacarrier 200 10$aEvolution of Fungi and Fungal-Like Organisms /$fedited by Stefanie Pöggeler, Timothy James 205 $a2nd ed. 2023. 210 1$aCham :$cSpringer International Publishing :$cImprint: Springer,$d2023. 215 $a1 online resource (345 pages) $cillustrations (black and white, and color) 225 1 $aThe Mycota, A Comprehensive Treatise on Fungi as Experimental Systems for Basic and Applied Research,$x2945-8056 ;$v14 311 08$aPrint version: Pöggeler, Stefanie Evolution of Fungi and Fungal-Like Organisms Cham : Springer International Publishing AG,c2023 9783031291982 327 $aPart I. Evolutionary Roots of Fungi -- Chapter 1. The Protistan Origins of Animals and Fungi -- Chapter 2. Evolution of Signalling and Morphogenesis in the Dictyostelids -- Chapter 3. The Evolution of Mitochondrial Genomes in Fungi -- Part II. Evolution of Pathogenic Strategies -- Chapter 4. Dimorphism and Pathogenesis in Mucor Species -- Chapter 5. Genome Evolution in Fungal Plant Pathogens: From Populations to Kingdom-Wide Dynamics -- Chapter 6. Host Switching and Geographic Expansions in (Hemi) Biotrophic Plant Pathogens -- Part III. Evolution of Mutualistic Interactions -- Chapter 7. Mycoviruses -- Chapter 8. Bacterial Endosymbionts of Mucoromycota Fungi: Diversity and Function of Their Interactions -- Chapter 9. Fungi and Their Environmental Micropredators -- Chapter 10. Global Fungal Diversity Estimated from High-Throughput Sequencing -- Part IV. Evolution of Metabolism and Development -- Chapter 11. Activation of Secondary Metabolite Production in Fungi.-Chapter 12. Evolution and Diversity of Bioluminescent Fungi -- Chapter 13. Paedomorphosis and Sequestrate Basidiomycete. 330 $aSequence analyses of numerous fungal genomes over the past two decades have provided us with extensive insights into the phylogenetic relationships of fungi and the distribution of genes and their inferred functions, across the fungal kingdom. It is now possible to answer questions about the origin of the fungal kingdom and fungal evolution with an analytical precision that was not possible before. This fully revised and updated 2nd edition of The Mycota, Vol. 14, addresses major aspects of fungal evolution. The book is divided into four sections covering the following main topics: ? Evolutionary roots of fungi ? Evolution of pathogenic strategies ? Evolution of mutualistic interactions ? Evolution of metabolism and development in fungi Fungi are among the oldest eukaryotic groups in the living world. The aim of this book is to better understand the history and importance of fungi, as well as the characteristics that distinguish them from their sister group, the metazoans, and other fungus-like groups such as the slime molds and oomycetes. Many fungal species are important pathogens of animals and plants and have distinct but parallel pathogenicity strategies. Mutualistic interactions of fungi with other organisms are crucial for their survival in different ecological niches and have a great influence on their evolution and the design of their genomes. Metabolism is one of the most important features of life, and the diversity of metabolic processes is best understood by considering evolution. Studies of fungal metabolism have traditionally focused on metabolites of particular interest, namely mycotoxins, pathogenicity factors, antibiotics, and other compounds with interspecific activity. This volume will be of great interest to mycologists, evolutionary biologists, and fungal geneticists, as well as to lecturers and students of microbiology and mycology. 410 0$aThe Mycota, A Comprehensive Treatise on Fungi as Experimental Systems for Basic and Applied Research,$x2945-8056 ;$v14 606 $aFungi 606 $aMycology 606 $aMicrobiology 606 $aEvolutionary genetics 606 $aEvolution (Biology) 606 $aMicrobial genetics 606 $aFungi 606 $aEvolutionary Genetics 606 $aEvolutionary Biology 606 $aMicrobial Genetics 606 $aFongs$2thub 606 $aEvolució (Biologia)$2thub 608 $aLlibres electrònics$2thub 615 0$aFungi. 615 0$aMycology. 615 0$aMicrobiology. 615 0$aEvolutionary genetics. 615 0$aEvolution (Biology) 615 0$aMicrobial genetics. 615 14$aFungi. 615 24$aEvolutionary Genetics. 615 24$aEvolutionary Biology. 615 24$aMicrobial Genetics. 615 7$aFongs 615 7$aEvolució (Biologia) 676 $a579.5138 701 $aPo?ggeler$b Stefanie$01424754 701 $aJames$b Timothy Yong$f1973-$01433085 801 0$bMiAaPQ 801 1$bMiAaPQ 801 2$bMiAaPQ 906 $aBOOK 912 $a9910741200003321 996 $aEvolution of fungi and fungal-like organisms$93578342 997 $aUNINA